| 000 | 00684nam a2200253 a 4500 | ||
|---|---|---|---|
| 999 |
_c7881 _d7881 |
||
| 001 | 7881 | ||
| 003 | BD-JhCC | ||
| 005 | 20180215093207.0 | ||
| 008 | 180215s1974 nyua b 001 0 eng d | ||
| 020 | _a0471212857 | ||
| 035 | _a(BD-JhCC)7881 | ||
| 040 |
_aBD-JhCC _cDLC _dBD-JhCC |
||
| 041 | _aeng | ||
| 050 | 0 | 0 |
_aQD31.2 _b.D532 |
| 082 | 0 | 0 |
_a540 _bDIC 1974 |
| 100 | 1 |
_aDickson, T. R. _q(Thomas R.), _d1938- |
|
| 245 | 1 | 0 |
_aUnderstanding chemistry: from atoms to attitudes _c[by] T. R. Dickson. |
| 260 |
_aNew York, _bWiley _c[1974] |
||
| 300 |
_axv, 361 p. _billus. _c26 cm. |
||
| 504 | _aIncludes bibliographies. | ||
| 650 | 0 | _aChemistry. | |
| 942 |
_2ddc _cBK |
||